Engineering Mathematics-II (Calculus and Ordinary Differential Equations) Vector Calculus, Differential Equations and Laplace Transform (Record no. 11034)

MARC details
000 -LEADER
fixed length control field 00573nam a22001937a 4500
003 - CONTROL NUMBER IDENTIFIER
control field OSt
008 - FIXED-LENGTH DATA ELEMENTS--GENERAL INFORMATION
fixed length control field 211113b ||||| |||| 00| 0 eng d
020 ## - INTERNATIONAL STANDARD BOOK NUMBER
International Standard Book Number 9788190912914
082 ## - DEWEY DECIMAL CLASSIFICATION NUMBER
Classification number 510 KUE
100 ## - MAIN ENTRY--PERSONAL NAME
Personal name KUMAR,Kuldeep
245 ## - TITLE STATEMENT
Title Engineering Mathematics-II (Calculus and Ordinary Differential Equations) Vector Calculus, Differential Equations and Laplace Transform
260 ## - PUBLICATION, DISTRIBUTION, ETC. (IMPRINT)
Place of publication, distribution, etc New Delhi
Name of publisher, distributor, etc Bharat Publication
Date of publication, distribution, etc 2019
300 ## - PHYSICAL DESCRIPTION
Extent MISC
650 ## - SUBJECT ADDED ENTRY--TOPICAL TERM
Topical term or geographic name as entry element Applied Science
700 ## - ADDED ENTRY--PERSONAL NAME
Personal name KUMAR,Rajesh
700 ## - ADDED ENTRY--PERSONAL NAME
Personal name REEN,LS
700 ## - ADDED ENTRY--PERSONAL NAME
Personal name RAJ,Deepak
942 ## - ADDED ENTRY ELEMENTS (KOHA)
Source of classification or shelving scheme Dewey Decimal Classification
Koha item type Text Books
942 ## - ADDED ENTRY ELEMENTS (KOHA)
-- 38
Holdings
Withdrawn status Lost status Source of classification or shelving scheme Damaged status Not for loan Collection code Home library Current library Date acquired Source of acquisition Currency Cost, normal purchase price Bill Number Total Checkouts Full call number Acc. no. / Barcode Checked out Date last seen Date last borrowed Actual Cost, discounted price Bill Date Koha item type
    Dewey Decimal Classification     Applied Sc. PIET C-LIBRARY PIET C-LIBRARY 21/10/2021 Kirti Praskshan IN Rupees 330.00 21-22/577 29 510 KUE 33343 09/06/2026 26/05/2026 26/05/2026 225.00 21/10/2021 Text Books
    Dewey Decimal Classification     Applied Sc. PIET C-LIBRARY PIET C-LIBRARY 21/10/2021 Kirti Praskshan IN Rupees 330.00 21-22/577 25 510 KUE 33344 17/08/2026 27/01/2026 27/01/2026 225.00 21/10/2021 Text Books
    Dewey Decimal Classification     Applied Sc. PIET C-LIBRARY PIET C-LIBRARY 21/10/2021 Kirti Praskshan IN Rupees 330.00 21-22/577   510 KUE 33345   13/11/2021   225.00 21/10/2021 Text Books
    Dewey Decimal Classification     Applied Sc. PIET C-LIBRARY PIET C-LIBRARY 21/10/2021 Kirti Praskshan IN Rupees 330.00 21-22/577 28 510 KUE 33346 12/06/2026 29/05/2026 29/05/2026 225.00 21/10/2021 Text Books
    Dewey Decimal Classification     Applied Sc. PIET C-LIBRARY PIET C-LIBRARY 21/10/2021 Kirti Praskshan IN Rupees 330.00 21-22/577 17 510 KUE 33347   26/12/2024 11/12/2024 225.00 21/10/2021 Text Books

Design & Developed by: PIET Central Library
R70 Miles Stone Pattikalyana Samalkha Panipat 132102
mail ID :- [email protected], Phone No:- 0180-2569700 Ex.216